Các quá trình xanh trong hóa dầu
Gồm 7 chương trình bày các nội dung: Tổng quan chung về các quá trình xanh trong hóa dầu; Xúc tác xanh trong công nghệ hóa dầu; Dung môi xanh thay thế dung môi dầu khoáng; Các quá trình công nghệ xanh điển hình trong hóa dầu; Các quá trình sản xuất...
Сохранить в:
| Главный автор: | |
|---|---|
| Формат: | |
| Язык: | Undetermined |
| Опубликовано: |
H.
Bách khoa Hà Nội
2015
|
| Предметы: | |
| Online-ссылка: | http://lrc.tdmu.edu.vn/opac/search/detail.asp?aID=2&ID=27862 |
| Метки: |
Добавить метку
Нет меток, Требуется 1-ая метка записи!
|
| Thư viện lưu trữ: | Trung tâm Học liệu Trường Đại học Thủ Dầu Một |
|---|
| LEADER | 01181nam a2200205Ia 4500 | ||
|---|---|---|---|
| 001 | TDMU_27862 | ||
| 008 | 210410s9999 xx 000 0 und d | ||
| 082 | |a 621.31 | ||
| 090 | |b NG527 | ||
| 100 | |a Nguyễn, Khánh Diệu Hồng | ||
| 245 | 0 | |a Các quá trình xanh trong hóa dầu | |
| 245 | 0 | |c Nguyễn Khánh Diệu Hồng | |
| 260 | |a H. | ||
| 260 | |b Bách khoa Hà Nội | ||
| 260 | |c 2015 | ||
| 300 | |a 327tr. | ||
| 520 | |a Gồm 7 chương trình bày các nội dung: Tổng quan chung về các quá trình xanh trong hóa dầu; Xúc tác xanh trong công nghệ hóa dầu; Dung môi xanh thay thế dung môi dầu khoáng; Các quá trình công nghệ xanh điển hình trong hóa dầu; Các quá trình sản xuất sạch không chất thải; Quá trình lọc dầu sinh học; Quá trình xanh chuyển hóa CO2 thành metanol | ||
| 650 | |a Hóa dầu |x Công nghệ xanh; Công nghệ hóa học |x Hóa dầu | ||
| 856 | |u http://lrc.tdmu.edu.vn/opac/search/detail.asp?aID=2&ID=27862 | ||
| 980 | |a Trung tâm Học liệu Trường Đại học Thủ Dầu Một | ||